Great Literature #10 - Statistics

General Stats
  • This quiz has been taken 311 times
  • The average score is 10 of 20
Answer Stats
Hint Answer % Correct
The Call of the Wild Jack London
90%
The Art of War Sun Tzu
88%
Love in the Time of Cholera Gabriel García Márquez
81%
Tender Is the Night F. Scott Fitzgerald
69%
The Wind in the Willows Kenneth Grahame
67%
All Quiet on the Western Front Erich Maria Remarque
62%
Blood Meridian Cormac McCarthy
53%
Meditations Marcus Aurelius
53%
Leviathan Thomas Hobbes
52%
Dangerous Liaison Pierre Choderlos de Laclos
49%
The Sacred Wood: Essays on Poetry and Criticism T. S. Eliot
47%
My Ántonia Willa Cather
47%
Buddenbrooks Thomas Mann
46%
The Life of Samuel Johnson James Boswell
42%
The Right Stuff Tom Wolfe
42%
The Corrections Jonathan Franzen
39%
Civilization and Its Discontents Sigmund Freud
35%
The Road to Serfdom Friedrich von Hayek
32%
The Snow Leopard Peter Matthiessen
21%
The Death and Life of Great American Cities Jane Jacobs
20%
No matching quizzes found
Score Distribution
Percent of People with Each Score
Percentile by Number Answered
Your Score History
You have not taken this quiz